书目信息 |
| 题名: |
电子光学
|
|
| 作者: | 沈庆垓 译 | |
| 分册: | ||
| 出版信息: |
|
|
| 页数: | 212页 | |
| 开本: | 20cm | |
| 丛书名: | ||
| 单 册: | ||
| 中图分类: | O463 | |
| 科图分类: | ||
| 主题词: | 真空电子学 , 电子物理学 | |
| 电子资源: | ||
| ISBN: | ||
| 000 | 00466nam0 2200181 450 | |
| 001 | 0735668515 | |
| 005 | 20070919095602.90 | |
| 100 | @a20070919d km y0chiy0120 ea | |
| 101 | 0 | @achi |
| 200 | 1 | @a电子光学@Adian zi guang xue@f沈庆垓译@Fshen qing gai yi |
| 215 | @a212页@d20cm | |
| 300 | @a高等学校教材 | |
| 606 | 0 | @a真空电子学 |
| 606 | 0 | @a电子物理学 |
| 690 | @aO463@v3 | |
| 701 | 0 | @a沈庆垓@Ashen qing gai@4译 |
| 801 | 0 | @aCN@bPFT@c20070919 |
| 905 | @a10447@dO463@e3 | |
| 电子光学/沈庆垓译 |
| 212页;20cm |
| 高等学校教材 |
| ISBN : |
| ● |
| 相关链接 |
|
|
|
|
正题名:电子光学
索取号:O463/3
 
预约/预借
| 序号 | 登录号 | 条形码 | 馆藏地/架位号 | 状态 | 备注 |
| 1 | 0420338 | 204203389 | 密集书库/ [索取号:O463/3] | 在馆 |